[Event "BL 0809 Hamburger SK - SF Katernberg"]
[Site "Katernberg GER"]
[Date "2008.12.14"]
[Round "9"]
[White "Firman, Nazar"]
[Black "Hansen, Sune Berg"]
[Result "1/2-1/2"]
[WhiteElo "2525"]
[BlackElo "2543"]
[PlyCount "81"]
[EventDate "2008.10.03"]
[EventType "team"]
[EventRounds "15"]
[EventCountry "GER"]
[Source "Mark Crowther"]
[SourceDate "2008.12.15"]
[WhiteTeamCountry "TRI"]

1. e4 e5 2. Nf3 Nc6 3. Bb5 a6 4. Ba4 Nf6 5. Qe2 b5 6. Bb3 Bc5 7. d3 d6 8. c3 h6
9. Nbd2 Bb6 10. Nf1 Ne7 11. Ne3 Be6 12. Bxe6 fxe6 13. Bd2 Ng6 14. g3 O-O 15.
O-O Qd7 16. Ng2 Rf7 17. Be3 Bxe3 18. Nxe3 c5 19. a4 Qb7 20. Nd2 Ne7 21. Qd1 Rb8
22. axb5 axb5 23. Qb3 d5 24. Qa3 Qb6 25. Qa6 c4 26. Qxb6 Rxb6 27. Ra8+ Rf8 28.
Rxf8+ Kxf8 29. dxc4 bxc4 30. Rb1 Rb5 31. Kf1 Nc8 32. Nd1 Nd6 33. exd5 exd5 34.
Ra1 e4 35. f3 exf3 36. Nxf3 Rb7 37. Nd4 Re7 38. Ra8+ Kf7 39. Rb8 Nde4 40. Nf2
Nc5 41. Nc6 1/2-1/2

[Event "BL 0809 Hamburger SK - SF Katernberg"]
[Site "Katernberg GER"]
[Date "2008.12.14"]
[Round "9"]
[White "Mueller, Karsten"]
[Black "Seel, Christian"]
[Result "1/2-1/2"]
[WhiteElo "2517"]
[BlackElo "2494"]
[PlyCount "40"]
[EventDate "2008.10.03"]
[EventType "team"]
[EventRounds "15"]
[EventCountry "GER"]
[Source "Mark Crowther"]
[SourceDate "2008.12.15"]
[WhiteTeamCountry "TRI"]

1. e4 e5 2. Nf3 Nc6 3. Nc3 Nf6 4. d4 exd4 5. Nxd4 Bb4 6. Nxc6 bxc6 7. Bd3 d5 8.
exd5 cxd5 9. O-O O-O 10. Bg5 c6 11. Qf3 Bd6 12. Na4 h6 13. Bf4 Rb8 14. Rfe1 Bg4
15. Qg3 Nh5 16. Qxg4 Nxf4 17. b3 Rb4 18. Qf3 Nxd3 19. cxd3 Qd7 20. Rac1 Rf4
1/2-1/2

[Event "BL 0809 Hamburger SK - SF Katernberg"]
[Site "Katernberg GER"]
[Date "2008.12.14"]
[Round "9"]
[White "Senff, Martin"]
[Black "Heinemann, Thies"]
[Result "1/2-1/2"]
[WhiteElo "2468"]
[BlackElo "2490"]
[PlyCount "42"]
[EventDate "2008.10.03"]
[EventType "team"]
[EventRounds "15"]
[EventCountry "GER"]
[Source "Mark Crowther"]
[SourceDate "2008.12.15"]
[WhiteTeamCountry "TRI"]

1. e4 c5 2. Nf3 d6 3. d4 cxd4 4. Nxd4 Nf6 5. Nc3 a6 6. Be3 e5 7. Nf3 Be7 8. Bc4
O-O 9. O-O Be6 10. Bb3 Qc7 11. Qe2 Rc8 12. Rad1 Bc4 13. Bxc4 Qxc4 14. Qd3 Nbd7
15. Rfe1 b5 16. a3 Rab8 17. Nd2 Qxd3 18. cxd3 Nc5 19. Nf3 b4 20. axb4 Rxb4 21.
Re2 Na4 1/2-1/2

[Event "BL 0809 Hamburger SK - SF Katernberg"]
[Site "Katernberg GER"]
[Date "2008.12.14"]
[Round "9"]
[White "Beikert, Guenther"]
[Black "Thesing, Matthias"]
[Result "1-0"]
[WhiteElo "2470"]
[BlackElo "2403"]
[PlyCount "71"]
[EventDate "2008.10.03"]
[EventType "team"]
[EventRounds "15"]
[EventCountry "GER"]
[Source "Mark Crowther"]
[SourceDate "2008.12.15"]
[WhiteTeamCountry "TRI"]

1. e4 c5 2. Nf3 e6 3. d4 cxd4 4. Nxd4 a6 5. Bd3 Nf6 6. O-O Qc7 7. c4 Nc6 8.
Nxc6 dxc6 9. f4 e5 10. f5 Bc5+ 11. Kh1 h5 12. Qe2 Ng4 13. Nd2 Qd6 14. Nf3 Nf2+
15. Rxf2 Bxf2 16. Nxe5 Ba7 17. Bf4 Qc5 18. Rf1 Bb8 19. Nxf7 Kxf7 20. e5 Kg8 21.
f6 gxf6 22. exf6 Kf7 23. b4 Bg4 24. Qe4 Bf5 25. Qe1 Re8 26. Qh4 Bxd3 27. bxc5
Bxf4 28. Rxf4 Rad8 29. h3 Bg6 30. Rd4 Rxd4 31. Qxd4 Re6 32. Qb2 a5 33. a4 Be4
34. Qxb7+ Kxf6 35. Qc7 h4 36. Qf4+ 1-0

[Event "BL 0809 SF Berlin - SV Mülheim Nord"]
[Site "Katernberg GER"]
[Date "2008.12.14"]
[Round "9"]
[White "Lauber, Arnd"]
[Black "Tregubov, Pavel"]
[Result "1/2-1/2"]
[WhiteElo "2497"]
[BlackElo "2646"]
[PlyCount "78"]
[EventDate "2008.10.03"]
[EventType "team"]
[EventRounds "15"]
[EventCountry "GER"]
[Source "Mark Crowther"]
[SourceDate "2008.12.15"]
[WhiteTeamCountry "TRI"]

1. d4 Nf6 2. c4 c5 3. d5 b5 4. cxb5 a6 5. bxa6 g6 6. Nc3 Bxa6 7. e4 Bxf1 8.
Kxf1 d6 9. g3 Bg7 10. Nf3 Nbd7 11. Kg2 O-O 12. Re1 Qa5 13. h3 Rfb8 14. e5 dxe5
15. Nxe5 Nxe5 16. Rxe5 Rb7 17. Qf3 Ne8 18. Re2 Nd6 19. Ne4 Nf5 20. Bd2 Qd8 21.
Bc3 Nd4 22. Bxd4 Bxd4 23. Nc3 Rab8 24. b3 Bxc3 25. Qxc3 Qxd5+ 26. Qf3 Rd8 27.
Qxd5 Rxd5 28. Rc1 e6 29. Rc4 Kf8 30. Rec2 Ra7 31. Rxc5 Rxc5 32. Rxc5 Rxa2 33.
h4 Rb2 34. Rb5 h5 35. Rb7 Kg7 36. Kf3 Kf6 37. Ke3 e5 38. f4 exf4+ 39. Kxf4 Rf2+
1/2-1/2

[Event "BL 0809 SF Berlin - SV Mülheim Nord"]
[Site "Katernberg GER"]
[Date "2008.12.14"]
[Round "9"]
[White "Landa, Konstantin"]
[Black "Schneider, Ilja"]
[Result "1-0"]
[WhiteElo "2613"]
[BlackElo "2486"]
[PlyCount "73"]
[EventDate "2008.10.03"]
[EventType "team"]
[EventRounds "15"]
[EventCountry "GER"]
[Source "Mark Crowther"]
[SourceDate "2008.12.15"]
[WhiteTeamCountry "TRI"]

1. d4 Nf6 2. Nf3 e6 3. c4 d5 4. g3 dxc4 5. Bg2 Bb4+ 6. Bd2 a5 7. Qc2 b6 8. Qxc4
Bb7 9. Bxb4 axb4 10. O-O Na6 11. a3 Bd5 12. Qd3 O-O 13. Nbd2 bxa3 14. bxa3 Bb7
15. Qb1 c5 16. Nc4 Rb8 17. Rd1 Qc7 18. Qb5 Nd5 19. Rac1 Bc6 20. Qb1 Nf6 21. Qb2
Rfd8 22. dxc5 Rxd1+ 23. Rxd1 Nxc5 24. Qe5 Qxe5 25. Nfxe5 Bxg2 26. Kxg2 Nd5 27.
Nc6 Ra8 28. Nb4 Nxb4 29. Nxb6 Re8 30. axb4 Na6 31. Rd4 Rb8 32. Nd7 Rxb4 33. Rd6
Nc7 34. Ne5 Rb8 35. Rd7 Nd5 36. Nxf7 Nc3 37. Nd8 1-0

[Event "BL 0809 SF Berlin - SV Mülheim Nord"]
[Site "Katernberg GER"]
[Date "2008.12.14"]
[Round "9"]
[White "Berndt, Stephan"]
[Black "Fridman, Daniel"]
[Result "0-1"]
[WhiteElo "2440"]
[BlackElo "2630"]
[PlyCount "68"]
[EventDate "2008.10.03"]
[EventType "team"]
[EventRounds "15"]
[EventCountry "GER"]
[Source "Mark Crowther"]
[SourceDate "2008.12.15"]
[WhiteTeamCountry "TRI"]

1. e4 e5 2. Nf3 d6 3. d4 exd4 4. Nxd4 Nf6 5. Nc3 Be7 6. g3 d5 7. Bg2 dxe4 8.
Nxe4 Nxe4 9. Bxe4 Nd7 10. O-O Nf6 11. Bg2 O-O 12. c3 Bc5 13. Nb3 Bb6 14. Qf3 h6
15. Bf4 c6 16. Rad1 Bg4 17. Rxd8 Rfxd8 18. Qe3 Bxe3 19. Bxe3 Nd5 20. Bd4 b6 21.
c4 Ne7 22. Re1 Be6 23. Bc3 Nf5 24. c5 Bd5 25. Re5 Bxg2 26. Kxg2 Rd5 27. g4 Nh4+
28. Kg3 Rxe5 29. Bxe5 g5 30. Nd4 Rd8 31. f4 bxc5 32. Nxc6 Rd3+ 33. Kf2 gxf4 34.
Ke2 Re3+ 0-1

[Event "BL 0809 SF Berlin - SV Mülheim Nord"]
[Site "Katernberg GER"]
[Date "2008.12.14"]
[Round "9"]
[White "Malakhatko, Vadim"]
[Black "Degtiarev, Evgeny"]
[Result "1/2-1/2"]
[WhiteElo "2633"]
[BlackElo "2388"]
[PlyCount "91"]
[EventDate "2008.10.03"]
[EventType "team"]
[EventRounds "15"]
[EventCountry "GER"]
[Source "Mark Crowther"]
[SourceDate "2008.12.15"]
[WhiteTeamCountry "TRI"]

1. c4 Nf6 2. Nc3 e5 3. Nf3 Nc6 4. e3 Be7 5. Qc2 O-O 6. a3 Re8 7. Nd5 e4 8. Ng1
Ne5 9. Nxf6+ Bxf6 10. Qxe4 Nc6 11. Qd3 a5 12. Nf3 a4 13. Be2 d6 14. Qc2 Bg4 15.
O-O Qd7 16. d4 Na5 17. Bd2 Nb3 18. Rad1 Qf5 19. Bd3 Qh5 20. Bc3 Bxf3 21. gxf3
Qxf3 22. Bxh7+ Kf8 23. Qf5 Qe2 24. Rd3 Re7 25. Re1 Qc2 26. Qf3 Na5 27. Bf5 Nxc4
28. Qxb7 Nb6 29. Qf3 Rae8 30. Qd1 Qxd1 31. Rexd1 Nd5 32. Bh3 Rb8 33. Bg2 Nxc3
34. bxc3 c5 35. dxc5 dxc5 36. c4 Rc7 37. Rd6 Rb3 38. Ra6 Rxa3 39. Bc6 g6 40.
Bxa4 Kg7 41. Rd2 Rb7 42. Bb5 Rxa6 43. Bxa6 Rb1+ 44. Kg2 Rb2 45. Rxb2 Bxb2 46.
f4 1/2-1/2

[Event "BL 0809 SF Berlin - SV Mülheim Nord"]
[Site "Katernberg GER"]
[Date "2008.12.14"]
[Round "9"]
[White "Thiede, Lars"]
[Black "Levin, Felix"]
[Result "1/2-1/2"]
[WhiteElo "2464"]
[BlackElo "2536"]
[PlyCount "146"]
[EventDate "2008.10.03"]
[EventType "team"]
[EventRounds "15"]
[EventCountry "GER"]
[Source "Mark Crowther"]
[SourceDate "2008.12.15"]
[WhiteTeamCountry "TRI"]

1. g3 e5 2. Bg2 Nc6 3. d3 Bc5 4. Nf3 d6 5. O-O a6 6. c3 Ba7 7. b4 Nf6 8. a4 Rb8
9. b5 Ne7 10. d4 exd4 11. Nxd4 h6 12. Na3 O-O 13. Nc4 Bd7 14. Rb1 axb5 15. axb5
Bc5 16. Qb3 d5 17. Ne5 Be8 18. Ba3 Bd6 19. Nd3 Nc8 20. Nf5 Bxa3 21. Qxa3 Bd7
22. Ne3 Nb6 23. Rfd1 Ra8 24. Qc5 Be6 25. Qd4 Qe7 26. Nc5 Ra7 27. Ra1 Rfa8 28.
Rxa7 Rxa7 29. c4 dxc4 30. Bxb7 Bh3 31. Bf3 Ra5 32. Rb1 Nfd7 33. Qc3 Ra2 34.
Nxd7 Bxd7 35. Nxc4 Qc5 36. Rc1 Qxc4 37. Qxc4 Nxc4 38. Rxc4 Bxb5 39. Rxc7 Bxe2
40. Rc8+ Kh7 41. Be4+ g6 42. Rc7 Ra1+ 43. Kg2 Kg7 44. Bd5 g5 45. Bxf7 Kf6 46.
h3 Bf1+ 47. Kh2 Bd3 48. Bd5 Bg6 49. Rc6+ Kg7 50. Rc4 Rd1 51. Bf3 Rd2 52. Kg2
Bf7 53. Rc5 Rd4 54. Ra5 Bg6 55. Kf1 Bd3+ 56. Ke1 Rd6 57. Bg4 Kf6 58. Bc8 Bc4
59. Bb7 Rb6 60. Bf3 Be6 61. g4 Rb1+ 62. Ke2 Bc4+ 63. Kd2 Rb2+ 64. Ke1 Rb1+ 65.
Kd2 Rb2+ 66. Kc3 Rb3+ 67. Kxc4 Rxf3 68. Ra6+ Kg7 69. Ra7+ Kg6 70. Ra6+ Kg7 71.
Ra7+ Kg6 72. Ra6+ Kg7 73. Ra7+ Kg6 1/2-1/2

[Event "BL 0809 SF Berlin - SV Mülheim Nord"]
[Site "Katernberg GER"]
[Date "2008.12.14"]
[Round "9"]
[White "Berelowitsch, Alexander"]
[Black "Abel, Dennes"]
[Result "1-0"]
[WhiteElo "2576"]
[BlackElo "2328"]
[PlyCount "51"]
[EventDate "2008.10.03"]
[EventType "team"]
[EventRounds "15"]
[EventCountry "GER"]
[Source "Mark Crowther"]
[SourceDate "2008.12.15"]
[WhiteTeamCountry "TRI"]

1. e4 e5 2. Nf3 Nc6 3. Bb5 a6 4. Ba4 Nf6 5. O-O Be7 6. Re1 b5 7. Bb3 O-O 8. d4
d6 9. c3 Bg4 10. Be3 Nxe4 11. Bd5 Qd7 12. Bxe4 d5 13. Bxh7+ Kxh7 14. dxe5 Kg8
15. Nbd2 Rfe8 16. Bf4 Nd8 17. h3 Ne6 18. hxg4 Nxf4 19. Nd4 c5 20. Nf5 Nd3 21.
Re3 c4 22. Nf3 Bc5 23. Rxd3 cxd3 24. Qxd3 Bf8 25. Ng5 g6 26. Qh3 1-0

[Event "BL 0809 SF Berlin - SV Mülheim Nord"]
[Site "Katernberg GER"]
[Date "2008.12.14"]
[Round "9"]
[White "Rudolf, Henrik"]
[Black "Saltaev, Mihail"]
[Result "1/2-1/2"]
[WhiteElo "2368"]
[BlackElo "2484"]
[PlyCount "92"]
[EventDate "2008.10.03"]
[EventType "team"]
[EventRounds "15"]
[EventCountry "GER"]
[Source "Mark Crowther"]
[SourceDate "2008.12.15"]
[WhiteTeamCountry "TRI"]

1. e4 c6 2. d4 d5 3. e5 Bf5 4. Nd2 e6 5. Nb3 Nd7 6. Nf3 Bg6 7. Be2 Ne7 8. O-O
Nf5 9. c3 a6 10. Ne1 c5 11. g3 cxd4 12. cxd4 Ne7 13. Bg5 h6 14. Be3 Nc6 15. Bd3
Bxd3 16. Nxd3 Nb4 17. Nxb4 Bxb4 18. Nc1 O-O 19. Nd3 Be7 20. Qg4 Kh7 21. h4 Rc8
22. Rac1 Qa5 23. Nf4 Rfe8 24. Rxc8 Rxc8 25. Nxe6 fxe6 26. Qxe6 Qd8 27. Qxd5 Nb6
28. Qxb7 a5 29. d5 Bc5 30. d6 Kh8 31. Qe4 Bxe3 32. Qxe3 Rb8 33. b3 Qd7 34. f4
Qe6 35. Rd1 Nd7 36. Kg2 a4 37. Rd3 axb3 38. axb3 Ra8 39. Rd2 Ra1 40. Qc3 Re1
41. Qc4 Qg4 42. Ra2 Re3 43. Ra8+ Kh7 44. Qg8+ Kg6 45. Qe8+ Kh7 46. Qg8+ Kg6
1/2-1/2

[Event "BL 0809 SG Turm Trier - SV Wattenscheid"]
[Site "Wattenscheid GER"]
[Date "2008.12.14"]
[Round "9"]
[White "Bobras, Piotr"]
[Black "Macieja, Bartlomiej"]
[Result "1/2-1/2"]
[WhiteElo "2565"]
[BlackElo "2600"]
[PlyCount "32"]
[EventDate "2008.10.03"]
[EventType "team"]
[EventRounds "15"]
[EventCountry "GER"]
[Source "Mark Crowther"]
[SourceDate "2008.12.15"]
[WhiteTeamCountry "TRI"]

1. d4 Nf6 2. c4 e6 3. Nf3 b6 4. g3 Bb7 5. Bg2 Be7 6. O-O O-O 7. d5 exd5 8. Nd4
c6 9. cxd5 Nxd5 10. Nf5 Nc7 11. e4 d5 12. exd5 Nxd5 13. Nc3 Bf6 14. Nxd5 cxd5
15. Ne3 Na6 16. Nxd5 Nc5 1/2-1/2

[Event "BL 0809 SG Turm Trier - SV Wattenscheid"]
[Site "Wattenscheid GER"]
[Date "2008.12.14"]
[Round "9"]
[White "Bartel, Mateusz"]
[Black "Erdos, Viktor"]
[Result "1/2-1/2"]
[WhiteElo "2602"]
[BlackElo "2577"]
[PlyCount "53"]
[EventDate "2008.10.03"]
[EventType "team"]
[EventRounds "15"]
[EventCountry "GER"]
[Source "Mark Crowther"]
[SourceDate "2008.12.15"]
[WhiteTeamCountry "TRI"]

1. d4 d5 2. c4 c6 3. Nf3 Nf6 4. Nc3 dxc4 5. a4 Bf5 6. e3 e6 7. a5 Nbd7 8. Bxc4
b5 9. axb6 axb6 10. Rxa8 Qxa8 11. O-O Be7 12. Nh4 Bg6 13. Nxg6 hxg6 14. e4 b5
15. Bd3 b4 16. Na4 O-O 17. Be3 Rd8 18. Qc2 Ng4 19. Bf4 e5 20. dxe5 Ngxe5 21.
Be2 c5 22. b3 Nc6 23. Bc4 Nd4 24. Qd3 Qc6 25. Re1 Qf6 26. Qg3 g5 27. Bc1
1/2-1/2

[Event "BL 0809 SG Turm Trier - SV Wattenscheid"]
[Site "Wattenscheid GER"]
[Date "2008.12.14"]
[Round "9"]
[White "Flumbort, Andras"]
[Black "Rustemov, Alexander"]
[Result "1/2-1/2"]
[WhiteElo "2489"]
[BlackElo "2520"]
[PlyCount "38"]
[EventDate "2008.10.03"]
[EventType "team"]
[EventRounds "15"]
[EventCountry "GER"]
[Source "Mark Crowther"]
[SourceDate "2008.12.15"]
[WhiteTeamCountry "TRI"]

1. d4 d5 2. c4 c6 3. Nf3 Nf6 4. Nc3 dxc4 5. a4 Bf5 6. Ne5 Nbd7 7. Nxc4 Nb6 8.
Ne5 a5 9. g3 e6 10. Bg2 Bb4 11. O-O O-O 12. e3 h6 13. Qe2 Bh7 14. Rd1 Nbd5 15.
Bd2 Be7 16. e4 Nb4 17. Be3 Re8 18. Rac1 Bf8 19. b3 Nd7 1/2-1/2

[Event "BL 0809 SG Turm Trier - SV Wattenscheid"]
[Site "Wattenscheid GER"]
[Date "2008.12.14"]
[Round "9"]
[White "Johannessen, Leif"]
[Black "Gonda, Laszlo"]
[Result "1/2-1/2"]
[WhiteElo "2545"]
[BlackElo "2507"]
[PlyCount "72"]
[EventDate "2008.10.03"]
[EventType "team"]
[EventRounds "15"]
[EventCountry "GER"]
[Source "Mark Crowther"]
[SourceDate "2008.12.15"]
[WhiteTeamCountry "TRI"]

1. d4 Nf6 2. c4 e6 3. Nc3 d5 4. Nf3 Nbd7 5. Bg5 c6 6. e3 Qa5 7. cxd5 Nxd5 8.
Qd2 Bb4 9. Rc1 h6 10. Bh4 Nxc3 11. bxc3 Ba3 12. Rb1 b6 13. Bd3 Ba6 14. O-O O-O
15. Rfd1 Bxd3 16. Qxd3 Rfe8 17. Nd2 Bf8 18. e4 Qh5 19. Bg3 c5 20. Nc4 cxd4 21.
cxd4 Red8 22. Qb3 Rac8 23. f3 Nb8 24. Ne5 Qg5 25. Qa4 Qe7 26. Bf2 Qa3 27. Qb3
Nc6 28. Qxa3 Bxa3 29. Nxc6 Rxc6 30. Rb3 Be7 31. Rbd3 Rc2 32. R1d2 Rdc8 33. Kf1
Kf8 34. d5 exd5 35. Rxd5 Bb4 36. Rd8+ Rxd8 1/2-1/2

[Event "BL 0809 SG Turm Trier - SV Wattenscheid"]
[Site "Wattenscheid GER"]
[Date "2008.12.14"]
[Round "9"]
[White "Galyas, Miklos"]
[Black "Appel, Ralf"]
[Result "1/2-1/2"]
[WhiteElo "2454"]
[BlackElo "2541"]
[PlyCount "43"]
[EventDate "2008.10.03"]
[EventType "team"]
[EventRounds "15"]
[EventCountry "GER"]
[Source "Mark Crowther"]
[SourceDate "2008.12.15"]
[WhiteTeamCountry "TRI"]

1. d4 Nf6 2. c4 e6 3. Nc3 d5 4. cxd5 exd5 5. Bg5 Be7 6. e3 c6 7. Bd3 O-O 8. Qc2
Nbd7 9. Nge2 Re8 10. O-O Nf8 11. Rab1 g6 12. b4 Ne6 13. Bh4 a6 14. a4 Ng7 15.
b5 axb5 16. axb5 Nf5 17. Bxf6 Bxf6 18. bxc6 bxc6 19. Na4 Ba6 20. Bxa6 Rxa6 21.
Nc5 Ra7 22. Ng3 1/2-1/2

[Event "BL 0809 SG Turm Trier - SV Wattenscheid"]
[Site "Wattenscheid GER"]
[Date "2008.12.14"]
[Round "9"]
[White "Holzke, Frank"]
[Black "Seger, Ruediger"]
[Result "1-0"]
[WhiteElo "2524"]
[BlackElo "2394"]
[PlyCount "101"]
[EventDate "2008.10.03"]
[EventType "team"]
[EventRounds "15"]
[EventCountry "GER"]
[Source "Mark Crowther"]
[SourceDate "2008.12.15"]
[WhiteTeamCountry "TRI"]

1. e4 c6 2. d4 d5 3. Nc3 dxe4 4. Nxe4 Bf5 5. Ng3 Bg6 6. h4 h6 7. Nf3 Nd7 8. h5
Bh7 9. Bd3 Bxd3 10. Qxd3 Ngf6 11. Bf4 Qa5+ 12. Bd2 Qc7 13. O-O-O e6 14. Qe2
O-O-O 15. Ne5 Nb6 16. Ba5 c5 17. Rh4 Bd6 18. dxc5 Bxe5 19. Rxd8+ Rxd8 20. cxb6
axb6 21. Rc4 bxa5 22. Rxc7+ Bxc7 23. Nf1 Rd5 24. g4 Re5 25. Ne3 Nd5 26. Qb5
Nxe3 27. Qe8+ Bd8 28. fxe3 Rxe3 29. Qxf7 Bg5 30. Kd1 Re4 31. Qxg7 Rxg4 32. Qc3+
Kb8 33. Qe5+ Ka8 34. Qxa5+ Kb8 35. Qe5+ Ka8 36. Qxe6 Rf4 37. c4 Rf6 38. Qc8+
Ka7 39. Qc5+ Ka8 40. b4 Rc6 41. Qd5 Rc8 42. Kc2 Rd8 43. Qa5+ Kb8 44. b5 Rd4 45.
b6 Rxc4+ 46. Kd3 Rc6 47. Qa7+ Kc8 48. Qa8+ Kd7 49. Qxb7+ Kd6 50. Qb8+ Kc5 51.
b7 1-0

[Event "BL 0809 SG Turm Trier - SV Wattenscheid"]
[Site "Wattenscheid GER"]
[Date "2008.12.14"]
[Round "9"]
[White "Cioara, Andre Nestor"]
[Black "Handke, Florian"]
[Result "0-1"]
[WhiteElo "2452"]
[BlackElo "2498"]
[PlyCount "86"]
[EventDate "2008.10.03"]
[EventType "team"]
[EventRounds "15"]
[EventCountry "GER"]
[Source "Mark Crowther"]
[SourceDate "2008.12.15"]
[WhiteTeamCountry "TRI"]

1. d4 d5 2. c4 c6 3. Nf3 Nf6 4. Nc3 dxc4 5. e4 b5 6. e5 Nd5 7. a4 e6 8. Ng5 h6
9. Nge4 b4 10. Nb1 Ba6 11. Nbd2 Nf4 12. Qg4 Ng6 13. Nxc4 h5 14. Qd1 Qd5 15.
Ncd6+ Bxd6 16. Nxd6+ Kf8 17. Bxa6 Nxa6 18. O-O c5 19. Qe2 Nc7 20. f4 cxd4 21.
Bd2 a5 22. Rac1 Ne8 23. Nc4 d3 24. Qf2 Ra6 25. Qf3 Ne7 26. Qxd5 exd5 27. Ne3
Rhh6 28. Rc5 Rhc6 29. Rfc1 Nc7 30. g3 g6 31. Kf2 d4 32. Ng2 Ne6 33. Rb5 Rxc1
34. Bxc1 Rc6 35. Bd2 Rc2 36. Ke1 Nc5 37. Nh4 Nb3 38. Nf3 Nf5 39. Rb8+ Kg7 40.
Rb7 Kf8 41. Rb8+ Kg7 42. Rb7 Nc5 43. Rb5 Ne4 0-1

[Event "BL 0809 SC Remagen - Solinger SG"]
[Site "Wattenscheid GER"]
[Date "2008.12.14"]
[Round "9"]
[White "Stellwagen, Daniel"]
[Black "Fedorchuk, Sergei"]
[Result "1/2-1/2"]
[WhiteElo "2605"]
[BlackElo "2603"]
[PlyCount "48"]
[EventDate "2008.10.03"]
[EventType "team"]
[EventRounds "15"]
[EventCountry "GER"]
[Source "Mark Crowther"]
[SourceDate "2008.12.15"]
[WhiteTeamCountry "TRI"]

1. e4 e5 2. Nf3 Nc6 3. Bb5 a6 4. Ba4 Nf6 5. O-O b5 6. Bb3 Bb7 7. d3 Be7 8. a4
d6 9. Nc3 Na5 10. Ba2 b4 11. Ne2 c5 12. Ng3 Bc8 13. Nh4 g6 14. f4 b3 15. cxb3
Rb8 16. Nf3 Nc6 17. b4 cxb4 18. Bc4 O-O 19. fxe5 Nxe5 20. Nxe5 dxe5 21. Bh6 Re8
22. Qf3 Be6 23. Bxe6 Bc5+ 24. Kh1 Rxe6 1/2-1/2

[Event "BL 0809 SC Remagen - Solinger SG"]
[Site "Wattenscheid GER"]
[Date "2008.12.14"]
[Round "9"]
[White "Mainka, Romuald"]
[Black "Buhmann, Rainer"]
[Result "1-0"]
[WhiteElo "2482"]
[BlackElo "2541"]
[PlyCount "81"]
[EventDate "2008.10.03"]
[EventType "team"]
[EventRounds "15"]
[EventCountry "GER"]
[Source "Mark Crowther"]
[SourceDate "2008.12.15"]
[WhiteTeamCountry "TRI"]

1. e4 e6 2. d4 d5 3. Nd2 c5 4. exd5 Qxd5 5. dxc5 Bxc5 6. Ngf3 Nf6 7. Bd3 O-O 8.
Qe2 Nbd7 9. b3 Bb4 10. c4 Qh5 11. Bb2 b6 12. a3 Be7 13. O-O-O Bb7 14. Kb1 Rfd8
15. Rhg1 g6 16. h3 Qa5 17. b4 Qa4 18. Rge1 a5 19. Bc2 Qc6 20. b5 Qc7 21. g4
Rac8 22. Qe3 Bf8 23. Ne5 Bg7 24. f4 Nc5 25. Ndf3 Be4 26. Bxe4 Nfxe4 27. Nc6
Bxb2 28. Kxb2 Rd6 29. Nfd4 Qd7 30. Kc2 f5 31. Rg1 Qf7 32. Ne5 Qf8 33. Ndc6 a4
34. Rxd6 Nxd6 35. Rd1 Rc7 36. Qd4 Ndb7 37. g5 Nb3 38. Qb2 Qc5 39. Kb1 Nd6 40.
Ka2 Nb7 41. Nd7 1-0

[Event "BL 0809 SC Remagen - Solinger SG"]
[Site "Wattenscheid GER"]
[Date "2008.12.14"]
[Round "9"]
[White "Naumann, Alexander"]
[Black "Popovic, Petar"]
[Result "1/2-1/2"]
[WhiteElo "2518"]
[BlackElo "2489"]
[PlyCount "43"]
[EventDate "2008.10.03"]
[EventType "team"]
[EventRounds "15"]
[EventCountry "GER"]
[Source "Mark Crowther"]
[SourceDate "2008.12.15"]
[WhiteTeamCountry "TRI"]

1. Nf3 Nf6 2. c4 g6 3. Nc3 d5 4. cxd5 Nxd5 5. Qa4+ Bd7 6. Qb3 Nb6 7. d4 Bg7 8.
Bf4 Be6 9. Qa3 Nc6 10. e3 O-O 11. Be2 a5 12. O-O Nb4 13. Rfc1 c6 14. Be5 Bh6
15. Na4 Nxa4 16. Qxa4 Nd5 17. Qd1 Nb6 18. Bg3 Nd7 19. Ne5 Nxe5 20. Bxe5 Qb6 21.
Qc2 Rfd8 22. h3 1/2-1/2

[Event "BL 0809 SC Remagen - Solinger SG"]
[Site "Wattenscheid GER"]
[Date "2008.12.14"]
[Round "9"]
[White "Swinkels, Robin"]
[Black "Ragger, Markus"]
[Result "0-1"]
[WhiteElo "2451"]
[BlackElo "2518"]
[PlyCount "54"]
[EventDate "2008.10.03"]
[EventType "team"]
[EventRounds "15"]
[EventCountry "GER"]
[Source "Mark Crowther"]
[SourceDate "2008.12.15"]
[WhiteTeamCountry "TRI"]

1. e4 e5 2. Nf3 Nc6 3. Bb5 a6 4. Bxc6 dxc6 5. O-O Qd6 6. Na3 Be6 7. Qe2 f6 8.
Rd1 c5 9. c3 Bg4 10. h3 Bxf3 11. Qxf3 Ne7 12. d4 cxd4 13. cxd4 exd4 14. Bf4 Qd7
15. Rac1 Rc8 16. Nc4 Ng6 17. Be3 b5 18. Rxd4 Qe6 19. Na5 c5 20. Rd5 c4 21. Nb7
Be7 22. Qf5 Qxf5 23. exf5 Ne5 24. Bf4 O-O 25. Bxe5 fxe5 26. Rxe5 Rc7 27. Rce1
Bb4 0-1

[Event "BL 0809 SC Remagen - Solinger SG"]
[Site "Wattenscheid GER"]
[Date "2008.12.14"]
[Round "9"]
[White "Ernst, Sipke"]
[Black "Boidman, Yuri"]
[Result "1-0"]
[WhiteElo "2576"]
[BlackElo "2415"]
[PlyCount "111"]
[EventDate "2008.10.03"]
[EventType "team"]
[EventRounds "15"]
[EventCountry "GER"]
[Source "Mark Crowther"]
[SourceDate "2008.12.15"]
[WhiteTeamCountry "TRI"]

1. d4 d5 2. c4 e6 3. Nf3 Nf6 4. Nc3 c6 5. Bg5 Nbd7 6. cxd5 exd5 7. e3 Be7 8.
Bd3 Nh5 9. h4 h6 10. Bf4 Nxf4 11. exf4 Nf6 12. Ne5 Qb6 13. Rb1 Qxd4 14. Ng6 Ne4
15. Bxe4 Qxd1+ 16. Rxd1 fxg6 17. Bxg6+ Kd8 18. g3 Bg4 19. Rd3 Rf8 20. f3 Bd7
21. Rh2 Rf6 22. h5 Kc7 23. Rc2 Bb4 24. Kf2 Bxc3 25. Rdxc3 Kd6 26. Re2 Re6 27.
Rd2 a5 28. g4 b5 29. Kg3 Re1 30. f5 c5 31. f6 gxf6 32. Be4 Rxe4 33. fxe4 d4 34.
Rf3 Ke5 35. g5 hxg5 36. Rdf2 Rf8 37. h6 c4 38. h7 Rh8 39. Rh2 d3 40. Rf1 b4 41.
Rf3 g4 42. Rh5+ f5 43. Rf1 Kxe4 44. Re1+ Kd5 45. Kf4 d2 46. Re5+ Kc6 47. Rh6+
Kc7 48. Rc5+ Kb7 49. Rd5 Ba4 50. Rxd2 c3 51. bxc3 bxc3 52. Re2 c2 53. Re7+ Bd7
54. Rh1 Kc6 55. Re2 Kd6 56. Rh6+ 1-0

[Event "BL 0809 SC Remagen - Solinger SG"]
[Site "Wattenscheid GER"]
[Date "2008.12.14"]
[Round "9"]
[White "Grund, Holger"]
[Black "Hoffmann, Michael"]
[Result "0-1"]
[WhiteElo "2431"]
[BlackElo "2338"]
[PlyCount "68"]
[EventDate "2008.10.03"]
[EventType "team"]
[EventRounds "15"]
[EventCountry "GER"]
[Source "Mark Crowther"]
[SourceDate "2008.12.15"]
[WhiteTeamCountry "TRI"]

1. e4 c5 2. Nf3 e6 3. c3 Nf6 4. e5 Nd5 5. d4 cxd4 6. cxd4 d6 7. a3 Nc6 8. Bd3
g6 9. O-O Bg7 10. Qe2 O-O 11. Re1 dxe5 12. dxe5 Nce7 13. Be4 Bd7 14. Nbd2 Rc8
15. Nf1 Qb6 16. Bg5 h6 17. Be3 Nxe3 18. Nxe3 Bb5 19. Qd1 Ba6 20. b4 Rfd8 21.
Qb3 Nc6 22. Rab1 Nd4 23. Nxd4 Rxd4 24. Nc2 Rd2 25. Ne3 Be2 26. Rb2 Qd4 27. Rxd2
Qxd2 28. Qb1 Bxe5 29. Bxb7 Rc7 30. Be4 Bd4 31. Kh1 f5 32. Ba8 Bd3 33. Qd1 Qxf2
34. Ng4 fxg4 0-1